000 00509cam a2200181ua 4500
020 _c225.00
041 _aeng
_h
082 _a664
_bBHA/IN
100 _aBhatt, Devendra Kumar .
245 _aIntroduction to food science, technology and quality management /
_cDevendra Kumar Bhatt.
_hTextual Documents
260 _aNew Delhi :
_bKalyani Publishers ,
_c2006.
300 _a404 ;
_e`.
365 _a225.00
504 _a
700 1 _aTomar, Priyanka .
942 _cBK
999 _c13087
_d13087